Top 10 Best Fortnite Players by Clan - Statistics

General Stats
  • This quiz has been taken 260 times
  • The average score is 5 of 10
Answer Stats
Hint Answer % Correct
TSM Myth
85%
Faze Tfue
75%
Not in a Clan Ninja
70%
Secret Mongraal
61%
TSM Daequan
54%
TSM Hamlinz
44%
Faze Cloakzy
35%
TSM Dakotaz
20%
Not in a Clan Dr Lupo
15%
TSM High Distortion
12%
No matching quizzes found
Score Distribution
Percent of People with Each Score
Percentile by Number Answered
Your Score History
You have not taken this quiz